| 000 | 00400nam a2200133Ia 4500 | ||
|---|---|---|---|
| 008 | 211109s9999||||xx |||||||||||||| ||und|| | ||
| 082 |
_a894.8124 _bSAN-N |
||
| 100 | _aSankara Menon, | ||
| 245 | 0 | _aNarayaniyam Basha Prabandom | |
| 260 |
_bNATIONAL BOOKSTALL _aKottayam _c1900 |
||
| 630 | _xGeneral Stack | ||
| 650 |
_aMalayalam Literature _vMalayalam LanguageMalayalam Poetry _xMalayalam |
||
| 942 | _cBOOK | ||
| 999 |
_c1221 _d1221 |
||